000
00339pab a2200157 454500
008
180718b2010 xxu||||| |||| 00| 0 eng d
100
_a
Shahabuddin, Syed
245
_a
Tribal areas in ferment
260
_c
2010
300
_a
p.19-22.
362
_a
3 Jul
650
_a
Tribes
773
_a
Mainstream
908
_a
N
909
_a
86861
999
_c
86861
_d
86861